000 01015cab a2200241 4500
001 ABS50900
008 090401t1994 xxu||||| |||| 00| 0 eng d
035 _a(Sirsi) u697
041 _aeng
100 _aWilliams, D.
245 _aResidential tenancies 1993 update
260 _c1994
350 _a0
490 _aEstates Gazette
_v(9424) 18 June 1994, 145-147(3)
520 _aSummarises developments in residential tenancies. Only a few significant cases were decided in 1993. Discusses cases under headings: application of the Rent Acts, obtaining possession, protection from eviction, the Housing Act 1988 and the Leasehold Reform Act, looking at reported case law.
650 _aHOUSING ACT 1988
650 _aLEASEHOLD REFORM ACT 1967
650 _aRENT ACT 1977
650 _aPROPERTY-RESIDENTIAL PROPERTY-RESIDENTIAL LANDLORD AND TENANT-RESIDENTIAL TENANCIES
690 _aPROPERTY-RESIDENTIAL PROPERTY-RESIDENTIAL LANDLORD AND TENANT-RESIDENTIAL TENANCIES
942 _n0
948 _c04/03/1997
999 _c358
_d358